Normal view
MARC view
- بورصة الاوراق المالية
Entry Topical Term
001 - CONTROL NUMBER
- control field: 32040
003 - CONTROL NUMBER IDENTIFIER
- control field: JO-AjAnu
005 - DATE AND TIME OF LATEST TRANSACTION
- control field: 20230606075405.0
008 - FIXED-LENGTH DATA ELEMENTS
- fixed length control field: 230606|| aca||aabn | a|a d
040 ## - CATALOGING SOURCE
- Original cataloging agency: JO-AjAnu
- Transcribing agency: JO-AjAnu
150 ## - HEADING--TOPICAL TERM
- Topical term or geographic name entry element: بورصة الاوراق المالية
670 ## - SOURCE DATA FOUND
- Source citation: Work cat.: (JO-AjAnu)16455: اعداد: زويل، محمود امين, author 32039, بورصة الاوراق المالية موقعها من الاسواق - احوالها ومستقبلها